[Event "4NCL/Div2/PYO vs. SLOS1"]
[Site "West Bromwich ENG"]
[Date "2004.11.21"]
[Round "4.2"]
[White "Pert, Nicholas"]
[Black "Martyn, Rafe"]
[Result "0-1"]
[WhiteElo "2501"]
[BlackElo "2266"]
[PlyCount "92"]
[EventDate "2004.11.21"]
[SourceDate "2004.09.21"]

1. d4 Nf6 2. Nf3 e6 3. c4 b6 4. a3 Ba6 5. Qc2 Bb7 6. Nc3 c5 7. e4 cxd4 8. Nxd4
Bc5 9. Nb3 Nc6 10. Bg5 h6 11. Bh4 Nd4 12. Nxd4 Bxd4 13. Bd3 Be5 14. O-O-O Qb8
15. Kb1 O-O 16. Bg3 Rc8 17. Rhe1 d6 18. Bxe5 dxe5 19. f3 Qc7 20. Rc1 Ba6 21.
Na2 Qe7 22. Qa4 Nd7 23. Be2 Bb7 24. Red1 Nc5 25. Qc2 Bc6 26. Nc3 a5 27. a4 Qh4
28. h3 Qf2 29. Bd3 Qe3 30. Bf1 Rd8 31. Re1 Qg5 32. Qf2 Bxa4 33. Nxa4 Nxa4 34.
Rcd1 Qe7 35. g3 Qb4 36. Qc2 Rd4 37. Ka2 Nc5 38. f4 Rad8 39. Rxd4 Rxd4 40. Rd1
Nb3 41. Qxb3 Qxb3+ 42. Kxb3 Rxd1 43. Be2 Re1 44. Bg4 exf4 45. gxf4 Rxe4 46. f5
Rxg4 0-1

[Event "4NCL/Div2/PYO vs. SLOS1"]
[Site "West Bromwich ENG"]
[Date "2004.11.21"]
[Round "4.3"]
[White "Bigg, Andrew J"]
[Black "Czakon, Jakub"]
[Result "0-1"]
[WhiteElo "2263"]
[BlackElo "2416"]
[PlyCount "98"]
[EventDate "2004.11.21"]
[SourceDate "2004.09.21"]

1. d4 g6 2. e4 Bg7 3. Nc3 d6 4. f4 Nf6 5. Nf3 O-O 6. e5 Nfd7 7. h4 c5 8. h5
cxd4 9. Qxd4 dxe5 10. Qf2 e4 11. Ng5 Nf6 12. hxg6 hxg6 13. Ncxe4 Nxe4 14. Nxe4
Qd4 15. Qxd4 Bxd4 16. c3 Bg7 17. Be3 Bd7 18. O-O-O Bc6 19. Nc5 Rc8 20. Nb3 a5
21. Nd4 Be4 22. Bd3 Bxd3 23. Rxd3 Na6 24. f5 Rd8 25. Bh6 Bf6 26. fxg6 fxg6 27.
Rg3 Kf7 28. Be3 Rh8 29. Rgh3 Rxh3 30. Rxh3 Nc7 31. Kc2 Rc8 32. Kd3 b5 33. Ke4
b4 34. c4 Ne8 35. b3 Nd6+ 36. Kf3 e5 37. Ne2 Ke6 38. Rh7 Rf8 39. Kg4 Nf5 40.
Bg5 Rd8 41. Ra7 Bxg5 42. Ra6+ Kf7 43. Kxg5 Rd2 44. Rf6+ Ke7 45. Rxg6 Nd4 46.
Ng3 Rxg2 47. Kh4 Rxa2 48. Ra6 Nxb3 49. Nf5+ Kd7 0-1

[Event "4NCL/Div2/PYO vs. SLOS1"]
[Site "West Bromwich ENG"]
[Date "2004.11.21"]
[Round "4.4"]
[White "Hoang, Thanh Trang"]
[Black "Dorrington, Christopher"]
[Result "1/2-1/2"]
[WhiteElo "2474"]
[BlackElo "2194"]
[PlyCount "110"]
[EventDate "2004.11.21"]
[SourceDate "2004.09.21"]

1. d4 Nf6 2. Bg5 Ne4 3. Bf4 c5 4. f3 Qa5+ 5. c3 Nf6 6. Nd2 cxd4 7. Nb3 Qb6 8.
Qxd4 Nc6 9. Qxb6 axb6 10. Be3 b5 11. Bd2 e5 12. e4 d5 13. exd5 Nxd5 14. Bxb5
Be6 15. Nc1 Nc7 16. Bd3 Na5 17. Nge2 Be7 18. Be3 O-O 19. O-O Nd5 20. Bf2 Rfc8
21. Nb3 Nc4 22. Bxc4 Rxc4 23. Nd2 Rca4 24. a3 Nf6 25. Rad1 R4a5 26. Nc1 Rd5 27.
Be3 Rad8 28. Kf2 e4 29. Bd4 exf3 30. Nxf3 Ng4+ 31. Ke2 Rb5 32. Nd3 Bc4 33. b4
Bd6 34. h3 Ne5 35. Nfxe5 Bxe5 36. Ke3 Bxd4+ 37. cxd4 Rbd5 38. Nf4 Re8+ 39. Kd2
Rxd4+ 40. Kc3 Rde4 41. Rf3 b5 42. Rd4 Re1 43. a4 Rc8 44. axb5 Bxb5+ 45. Kd2
Rec1 46. Ra3 R8c2+ 47. Ke3 Re1+ 48. Kf3 Bc6+ 49. Kg4 g6 50. Kg3 Re5 51. h4 h6
52. Kh2 Kh7 53. Rg3 Re1 54. Rb3 Re5 55. Rg3 Re1 1/2-1/2

[Event "4NCL/Div2/PYO vs. SLOS1"]
[Site "West Bromwich ENG"]
[Date "2004.11.21"]
[Round "4.5"]
[White "Bennet, William D"]
[Black "Jones, Gawain C B"]
[Result "1-0"]
[WhiteElo "2119"]
[BlackElo "2447"]
[PlyCount "141"]
[EventDate "2004.11.21"]
[SourceDate "2004.09.21"]

1. d4 Nf6 2. Nf3 c5 3. d5 b5 4. c4 g6 5. a4 bxc4 6. Nc3 d6 7. e4 Bg4 8. Bxc4
Nbd7 9. O-O Bg7 10. h3 Bxf3 11. Qxf3 O-O 12. Qe2 Rb8 13. Nb5 Ne5 14. Na3 Qa5
15. Bd2 Qxa4 16. Bc3 Nxc4 17. Nxc4 Qd7 18. Na5 Rfe8 19. Nc6 Rb7 20. Qc4 e6 21.
Rfd1 exd5 22. exd5 Re4 23. Qd3 Qf5 24. Qa6 Rd7 25. Re1 h5 26. Qc8+ Kh7 27. Bxf6
Rxe1+ 28. Rxe1 Bxf6 29. Re3 Kg7 30. Rf3 Qb1+ 31. Kh2 Re7 32. Nxe7 Bxe7 33. Qe8
Bf6 34. b3 Qb2 35. Qe4 h4 36. g4 hxg3+ 37. Kxg3 Qc1 38. Kg2 Be5 39. Qe3 Qd1 40.
Qd3 Qe1 41. Re3 Qb4 42. Re4 Qb7 43. Rg4 Bd4 44. Qf3 Qe7 45. h4 Qe5 46. Rg5 Qe7
47. Rg4 Qe5 48. Rg3 Qf6 49. h5 Qh4 50. hxg6 fxg6 51. Qd3 Qf6 52. f4 Kf7 53. Rh3
Kg7 54. Qe4 Qf7 55. Rg3 Qf6 56. f5 g5 57. Qe6 c4 58. bxc4 Bb6 59. Qd7+ Kf8 60.
Qc8+ Kg7 61. Qd7+ Kf8 62. Qe6 Kg7 63. Kh3 Bf2 64. Qxf6+ Kxf6 65. Rf3 Bc5 66.
Kg4 a5 67. Rh3 a4 68. Rh8 a3 69. Ra8 Bb4 70. Ra6 Bc5 71. Ra4 1-0

[Event "4NCL/Div2/PYO vs. SLOS1"]
[Site "West Bromwich ENG"]
[Date "2004.11.21"]
[Round "4.6"]
[White "Gourlay, Iain"]
[Black "Eckersley-Waites, Tom"]
[Result "1-0"]
[WhiteElo "2304"]
[BlackElo "2114"]
[PlyCount "73"]
[EventDate "2004.11.21"]
[SourceDate "2004.09.21"]

1. Nf3 Nf6 2. g3 d5 3. Bg2 Bg4 4. c4 c6 5. b3 Nbd7 6. Bb2 e6 7. O-O Bd6 8. d3
O-O 9. Nbd2 Qe7 10. a3 a5 11. h3 Bh5 12. Qc2 Ne8 13. e4 f5 14. exd5 exd5 15.
Rfe1 Qd8 16. Nd4 Nc7 17. cxd5 cxd5 18. Ne6 Nxe6 19. Bxd5 Rc8 20. Nc4 Bf7 21.
Bxe6 Rc6 22. Qc3 Nf6 23. Qxa5 Bc7 24. Bxf7+ Rxf7 25. Qxf5 Nd7 26. Qd5 Qf8 27.
Re2 Nf6 28. Qd4 b5 29. Ne5 Re6 30. Ng6 Rxe2 31. Nxf8 Rxf8 32. Rc1 Be5 33. Qxe5
Rxe5 34. Bxe5 Nd7 35. Bd4 Ra8 36. Rc7 Nf8 37. Rxg7+ 1-0

[Event "4NCL/Div2/PYO vs. SLOS1"]
[Site "West Bromwich ENG"]
[Date "2004.11.21"]
[Round "4.7"]
[White "Miller, Naomi K"]
[Black "Richmond, Robert J"]
[Result "0-1"]
[WhiteElo "2038"]
[BlackElo "2257"]
[PlyCount "48"]
[EventDate "2004.11.21"]
[SourceDate "2004.09.21"]

1. e4 e6 2. d4 d5 3. Nc3 Bb4 4. e5 c5 5. Bd2 Ne7 6. Nb5 Bxd2+ 7. Qxd2 O-O 8. f4
a6 9. Nd6 cxd4 10. Nf3 Nbc6 11. Nxd4 Nxd4 12. Qxd4 Qc7 13. Bd3 Nc6 14. Qf2 f6
15. Qh4 g5 16. Qg3 Kh8 17. O-O-O gxf4 18. Qxf4 Nxe5 19. Qh6 Nxd3+ 20. Rxd3 Qxd6
21. Rg3 Qe7 22. Rf1 Bd7 23. Rf4 e5 24. Rh4 Rg8 0-1

[Event "4NCL/Div2/PYO vs. SLOS1"]
[Site "West Bromwich ENG"]
[Date "2004.11.21"]
[Round "4.8"]
[White "Barraclough, Stephanie"]
[Black "Poobalasingam, Peter S"]
[Result "0-1"]
[WhiteElo "1922"]
[BlackElo "2029"]
[PlyCount "34"]
[EventDate "2004.11.21"]
[SourceDate "2004.09.21"]

1. e4 e6 2. d4 d5 3. exd5 exd5 4. Nf3 Bd6 5. Bd3 Ne7 6. c3 O-O 7. Bg5 f6 8. Bh4
Nf5 9. Bg3 Re8+ 10. Kf1 c5 11. Qc2 g6 12. Bxd6 Qxd6 13. dxc5 Qxc5 14. Nbd2 Nc6
15. Rd1 Ne5 16. Nb3 Qb6 17. Be2 Ng4 0-1

[Event "4NCL/Div2/WRO vs. BRI2"]
[Site "West Bromwich ENG"]
[Date "2004.11.21"]
[Round "4.1"]
[White "Dunnington, Angus J"]
[Black "Helbig, Paul D"]
[Result "1/2-1/2"]
[WhiteElo "2386"]
[BlackElo "2184"]
[PlyCount "114"]
[EventDate "2004.11.21"]
[SourceDate "2004.09.21"]

1. Nf3 d6 2. d4 Bg4 3. e4 g6 4. Nc3 Bg7 5. Be3 a6 6. Be2 Nc6 7. d5 Ne5 8. Nxe5
Bxe2 9. Nxf7 Bxd1 10. Nxd8 Bxc2 11. Ne6 Bxc3+ 12. bxc3 Kd7 13. f3 Bd3 14. Kd2
Bc4 15. Rhb1 b5 16. Nd4 c5 17. dxc6+ Kc7 18. a4 Nf6 19. Bg5 Rhg8 20. Ke3 Rge8
21. Bxf6 exf6 22. axb5 axb5 23. Nxb5+ Bxb5 24. Rxa8 Rxa8 25. Rxb5 Ra2 26. Rb7+
Kxc6 27. Rxh7 Rxg2 28. Rf7 f5 29. Rf6 fxe4 30. Kxe4 Rxh2 31. Rxg6 Rc2 32. Kd3
Rf2 33. Ke3 Rc2 34. Kd3 Rf2 35. Ke3 Rc2 36. Kd4 Rd2+ 37. Kc4 Rf2 38. Rf6 Rf1
39. Kd4 Rd1+ 40. Kc4 Rf1 41. Rf8 Kd7 42. Rf4 Kc6 43. Kd4 Rd1+ 44. Ke3 Rc1 45.
Rc4+ Kd7 46. Kd2 Rf1 47. Rf4 Kc6 48. Ke2 Rc1 49. Rc4+ Kd7 50. Kd2 Rf1 51. Ke3
Rc1 52. Kf4 d5 53. Rd4 Rxc3 54. Rxd5+ Ke6 55. Ra5 Kf6 56. Ra6+ Kf7 57. Kg4 Rc5
1/2-1/2

[Event "4NCL/Div2/WRO vs. BRI2"]
[Site "West Bromwich ENG"]
[Date "2004.11.21"]
[Round "4.2"]
[White "Collier, David O"]
[Black "Gayson, Peter M"]
[Result "1-0"]
[WhiteElo "2168"]
[BlackElo "2256"]
[PlyCount "129"]
[EventDate "2004.11.21"]
[SourceDate "2004.09.21"]

1. d4 f5 2. Nc3 d5 3. Bf4 Nf6 4. e3 e6 5. a3 c6 6. Bd3 Bd6 7. Nce2 b5 8. Nf3
O-O 9. O-O Qc7 10. Bxd6 Qxd6 11. Ne5 Nbd7 12. f4 Ne4 13. Nxd7 Bxd7 14. Nc1 Rf6
15. Nb3 Raf8 16. a4 b4 17. a5 Kh8 18. Qe1 Rh6 19. Bxe4 fxe4 20. Nc5 Rb8 21. b3
Rf6 22. Ra4 Rb5 23. Rxb4 Be8 24. g3 Qb8 25. Na6 Qb7 26. Rxb5 cxb5 27. Nc5 Qc6
28. a6 Qb6 29. Qb4 Bh5 30. Nd7 Qd8 31. Nxf6 Qxf6 32. Qxb5 h6 33. Qb8+ Kh7 34.
Qxa7 Qf5 35. Qc7 Be2 36. Re1 Qh5 37. Qc3 Bxa6 38. Qd2 Qf3 39. Qf2 Qg4 40. Qg2
Qg6 41. Ra1 Bb5 42. Ra5 Qe8 43. c4 Bc6 44. Rc5 Qa8 45. Qd2 Qa1+ 46. Kg2 Be8 47.
g4 h5 48. h3 Qb1 49. cxd5 exd5 50. Rxd5 Qxb3 51. Re5 Bb5 52. Rxh5+ Kg8 53. Rxb5
Qxb5 54. d5 Kf7 55. d6 Ke8 56. Qc2 Qb4 57. f5 Kf7 58. Qa2+ Ke8 59. Qg8+ Kd7 60.
Qxg7+ Kc6 61. Qd4 Qb1 62. d7 Qb2+ 63. Kg3 Qb1 64. d8=N+ Kb5 65. Qd5+ 1-0

[Event "4NCL/Div2/WRO vs. BRI2"]
[Site "West Bromwich ENG"]
[Date "2004.11.21"]
[Round "4.3"]
[White "Adams, David M"]
[Black "Dilleigh, Stephen P"]
[Result "1-0"]
[WhiteElo "2207"]
[BlackElo "2161"]
[PlyCount "159"]
[EventDate "2004.11.21"]
[SourceDate "2004.09.21"]

1. e4 e6 2. d4 d5 3. Nd2 c5 4. exd5 Qxd5 5. Ngf3 cxd4 6. Bc4 Qd6 7. Qe2 Nf6 8.
Nb3 Nc6 9. Bg5 Qb4+ 10. Bd2 Qb6 11. O-O-O Bc5 12. Ne5 a5 13. Bf4 O-O 14. Nxc6
bxc6 15. Be5 Be7 16. Nxd4 Bb7 17. f4 Rfd8 18. f5 c5 19. Nb5 Ne8 20. fxe6 fxe6
21. Qg4 Bf6 22. Bxf6 Nxf6 23. Qxe6+ Qxe6 24. Bxe6+ Kf8 25. Nc7 Rab8 26. Bb3
Rxd1+ 27. Rxd1 Bxg2 28. Ne6+ Ke7 29. Rg1 Bd5 30. Nxc5 Kd6 31. Bxd5 Nxd5 32.
Ne4+ Ke5 33. Nd2 Kf6 34. Ne4+ Ke5 35. Nd2 Kf6 36. a3 Re8 37. c4 Nf4 38. Rf1 g5
39. Rf2 Kg6 40. Kc2 Nh3 41. Rf3 g4 42. Rc3 Nf4 43. c5 Nd5 44. Rd3 Nf4 45. Rd6+
Kf5 46. c6 Rc8 47. b4 axb4 48. axb4 Ne6 49. b5 Rb8 50. Rd5+ Kf4 51. Kd3 Nc7 52.
Rd7 Nxb5 53. Kc4 h5 54. Kc5 h4 55. Rf7+ Ke3 56. Nc4+ Ke2 57. Rg7 Kf3 58. Ne5+
Kg2 59. Rxg4+ Kh3 60. Rb4 Re8 61. Ng6 Na7 62. Rxh4+ Kg2 63. Nf4+ Kf3 64. Nd5
Nxc6 65. Kxc6 Re1 66. Rh6 Kg4 67. Kc5 Re2 68. Kd4 Ra2 69. Ke4 Ra4+ 70. Ke5 Ra5
71. h4 Rc5 72. Kd6 Ra5 73. Nf6+ Kf4 74. Ke6 Ra7 75. Rg6 Ra6+ 76. Ke7 Ra7+ 77.
Nd7 Ra1 78. h5 Kf5 79. Kf7 Ra7 80. Rd6 1-0

[Event "4NCL/Div2/WRO vs. BRI2"]
[Site "West Bromwich ENG"]
[Date "2004.11.21"]
[Round "4.4"]
[White "Curtis, John"]
[Black "Hutchinson, Paul A"]
[Result "0-1"]
[WhiteElo "2126"]
[BlackElo "2191"]
[PlyCount "106"]
[EventDate "2004.11.21"]
[SourceDate "2004.09.21"]

1. d4 d5 2. Nf3 Nf6 3. e3 c6 4. c4 a6 5. Nc3 Bg4 6. Be2 b5 7. b3 e6 8. O-O Bd6
9. Bb2 Nbd7 10. Ne5 Bxe2 11. Nxe2 Qc7 12. cxd5 cxd5 13. Rc1 Qb8 14. f4 O-O 15.
Rc6 Re8 16. Qc2 Nf8 17. Nc1 Ne4 18. Ncd3 f6 19. Nf3 Ng6 20. Qe2 Qb7 21. Rfc1
Rac8 22. Rxc8 Rxc8 23. Qe1 Ne7 24. Nd2 Rxc1 25. Qxc1 Qc6 26. b4 Qxc1+ 27. Bxc1
Nc6 28. a3 a5 29. bxa5 Nxa5 30. Nxe4 dxe4 31. Nb4 Bxb4 32. axb4 Nc4 33. Kf2 Kf7
34. Ke2 Ke7 35. Kd1 Kd6 36. Kc2 Kd5 37. Kc3 h5 38. Kb3 g5 39. fxg5 fxg5 40. Kc3
Nd6 41. Bd2 Nf5 42. g3 g4 43. Kb3 Nh6 44. Kc3 Nf7 45. Be1 Ng5 46. Bf2 Nf3 47.
Kb3 Nxh2 48. Kc3 Nf3 49. Kb3 Ng5 50. Kc3 Nf7 51. Kb3 Nd6 52. Kc3 Nf5 53. Kb3 h4
0-1

[Event "4NCL/Div2/WRO vs. BRI2"]
[Site "West Bromwich ENG"]
[Date "2004.11.21"]
[Round "4.5"]
[White "Burnett, Jim"]
[Black "Easton, Alex"]
[Result "1/2-1/2"]
[WhiteElo "2188"]
[BlackElo "2095"]
[PlyCount "104"]
[EventDate "2004.11.21"]
[SourceDate "2004.09.21"]

1. d4 Nf6 2. c4 g6 3. Nc3 d5 4. Nf3 Bg7 5. Bf4 c5 6. dxc5 Qa5 7. cxd5 Nxd5 8.
Qxd5 Bxc3+ 9. Bd2 Be6 10. Qxb7 Bxd2+ 11. Nxd2 O-O 12. b4 Qa4 13. e3 Rd8 14. Rd1
Bd5 15. Qb5 Qxa2 16. Bc4 Bxc4 17. Qxc4 Rxd2 18. Qxa2 Rxa2 19. Rd8+ Kg7 20. O-O
Rc2 21. Rc8 a6 22. g3 Rc4 23. Rd1 Kf6 24. Rd4 Rc1+ 25. Kg2 e6 26. Rdd8 Nc6 27.
Rxa8 Nxd8 28. Rxd8 a5 29. bxa5 Rxc5 30. a6 Ra5 31. Ra8 Ra2 32. g4 g5 33. Kg3 h6
34. a7 Kg7 35. Kf3 Ra3 36. Ke4 Ra4+ 37. Ke5 Ra5+ 38. Kd6 Ra1 39. Ke7 Ra2 40. f4
gxf4 41. exf4 Ra6 42. h4 f6 43. f5 exf5 44. gxf5 Ra1 45. Rd8 Rxa7+ 46. Rd7 Ra6
47. h5 Rb6 48. Ra7 Rc6 49. Kd7 Rb6 50. Kc7 Rb1 51. Kd6+ Kg8 52. Rc7 Ra1 1/2-1/2

[Event "4NCL/Div2/WRO vs. BRI2"]
[Site "West Bromwich ENG"]
[Date "2004.11.21"]
[Round "4.6"]
[White "Bareham, David"]
[Black "Barrett, Steve J"]
[Result "0-1"]
[WhiteElo "2115"]
[BlackElo "2181"]
[PlyCount "72"]
[EventDate "2004.11.21"]
[SourceDate "2004.09.21"]

1. e4 c5 2. Nc3 e6 3. f4 Nc6 4. Nf3 d6 5. Bb5 Bd7 6. Bxc6 Bxc6 7. d3 b5 8. O-O
b4 9. Ne2 Nf6 10. f5 exf5 11. exf5 Be7 12. d4 O-O 13. Nf4 Be4 14. Qe2 Bxf5 15.
b3 Re8 16. dxc5 dxc5 17. Re1 Bd6 18. Qf1 Bxc2 19. Rxe8+ Qxe8 20. Bd2 Qd7 21.
Qc4 Bf5 22. Re1 h6 23. Kh1 Re8 24. Rf1 Re4 25. Qc1 Qc7 26. Nd3 Bg6 27. Nb2 Nd5
28. Nc4 Bf4 29. Bxf4 Rxf4 30. Qd2 Nc3 31. Re1 Be4 32. Nfe5 Rf5 33. Qe3 Rxe5 34.
Nxe5 Qxe5 35. Qd2 Qd4 36. Qf4 Bxg2+ 0-1

[Event "4NCL/Div2/WRO vs. BRI2"]
[Site "West Bromwich ENG"]
[Date "2004.11.21"]
[Round "4.7"]
[White "Shaw, Peter"]
[Black "Stock, Toby"]
[Result "1-0"]
[WhiteElo "2125"]
[BlackElo "2090"]
[PlyCount "107"]
[EventDate "2004.11.21"]
[SourceDate "2004.09.21"]

1. d4 Nf6 2. Nf3 g6 3. c4 Bg7 4. Nc3 d6 5. e4 O-O 6. Be2 e5 7. Be3 Na6 8. d5
Nc5 9. Nd2 a5 10. a3 b6 11. b4 Nb7 12. Nb3 Ne8 13. c5 dxc5 14. bxc5 a4 15. c6
axb3 16. cxb7 Bxb7 17. Qxb3 Nd6 18. O-O f5 19. f3 Ba6 20. Bxa6 Rxa6 21. a4 Qd7
22. Ra2 Rfa8 23. Rfa1 Bf8 24. Nb5 Kh8 25. Nxd6 Bxd6 26. h3 f4 27. Bd2 Kg7 28.
Bc3 Kf7 29. Kh2 g5 30. a5 bxa5 31. Rxa5 Rxa5 32. Rxa5 Rxa5 33. Bxa5 h5 34. Be1
g4 35. fxg4 hxg4 36. hxg4 Qxg4 37. Qh3 Qxh3+ 38. Kxh3 Kf6 39. Kg4 Kg6 40. Ba5
Kf6 41. Kh5 Ke7 42. Kg6 Kd7 43. Kf5 c6 44. dxc6+ Kxc6 45. Bc3 Kd7 46. Bxe5 Be7
47. Bxf4 Ke8 48. Ke6 Bc5 49. g4 Bd4 50. g5 Kf8 51. g6 Kg8 52. Bh6 Bc5 53. e5
Kh8 54. Kf7 1-0

[Event "4NCL/Div2/WRO vs. BRI2"]
[Site "West Bromwich ENG"]
[Date "2004.11.21"]
[Round "4.8"]
[White "Aarons, Poppy J"]
[Black "Guo, Xi-Yang"]
[Result "0-1"]
[WhiteElo "1871"]
[BlackElo "1885"]
[PlyCount "80"]
[EventDate "2004.11.21"]
[SourceDate "2004.09.21"]

1. e4 c5 2. Nc3 Nc6 3. Bb5 d6 4. Bxc6+ bxc6 5. d3 g6 6. f4 Bg7 7. Nf3 e6 8. O-O
Ne7 9. Qe1 Rb8 10. Qg3 Ba6 11. Rb1 Bxc3 12. b3 d5 13. e5 Nf5 14. Qf2 h5 15. Ba3
Bd4 16. Nxd4 cxd4 17. Bc5 Qc7 18. h3 h4 19. Bd6 Qb6 20. Bxb8 Qxb8 21. Qd2 O-O
22. Qa5 Qb5 23. Qd2 Rc8 24. a4 Qb6 25. Rf2 Rb8 26. Qe2 c5 27. Qd2 Bc8 28. a5
Qb5 29. Ra1 Ba6 30. Ra4 Ng3 31. Qd1 Nf5 32. Qd2 Qc6 33. Ra2 c4 34. dxc4 dxc4
35. Ra3 Qc5 36. Ra1 cxb3 37. Rb1 b2 38. Kh2 Qc3 39. Qd1 Ne3 40. Qf3 Bc4 0-1

[Event "4NCL/Div2/BAR2 vs. NWE2"]
[Site "West Bromwich ENG"]
[Date "2004.11.21"]
[Round "4.1"]
[White "Rogers, Jonathan W"]
[Black "Hulmes, David I"]
[Result "1/2-1/2"]
[WhiteElo "2340"]
[BlackElo "2206"]
[PlyCount "39"]
[EventDate "2004.11.21"]
[SourceDate "2004.09.21"]

1. Nf3 d5 2. b4 e6 3. Bb2 Nf6 4. a3 c5 5. bxc5 Bxc5 6. e3 O-O 7. Be2 Nc6 8. d4
Be7 9. Nbd2 b6 10. O-O Bb7 11. Bd3 Rc8 12. Qe2 Qc7 13. e4 Na5 14. e5 Ne4 15.
Nb3 Nc4 16. Bc1 Qd8 17. Ne1 f5 18. exf6 Rxf6 19. Qg4 Qd7 20. Nf3 1/2-1/2

[Event "4NCL/Div2/BAR2 vs. NWE2"]
[Site "West Bromwich ENG"]
[Date "2004.11.21"]
[Round "4.2"]
[White "Hague, Ben"]
[Black "Dishman, Stephen"]
[Result "1/2-1/2"]
[WhiteElo "2264"]
[BlackElo "2314"]
[PlyCount "126"]
[EventDate "2004.11.21"]
[SourceDate "2004.09.21"]

1. e4 d6 2. d4 Nf6 3. Nc3 e5 4. dxe5 dxe5 5. Qxd8+ Kxd8 6. Bc4 Ke8 7. Bg5 Bb4
8. O-O-O Bxc3 9. bxc3 Nbd7 10. f3 Nc5 11. Ne2 Be6 12. Bb3 a5 13. Be3 Nfd7 14.
Bxe6 Nxe6 15. Rd5 Ke7 16. Rhd1 Rhd8 17. g3 c6 18. Rd6 Ndc5 19. Rxd8 Rxd8 20.
Rxd8 Kxd8 21. Kd2 Kc7 22. Nc1 Kd6 23. Nd3 f6 24. Nb2 b5 25. Ke2 Nc7 26. Bc1 Na8
27. Nd1 Na4 28. Kd3 N8b6 29. Ne3 g6 30. h4 h5 31. Kd2 Kc5 32. Kd3 Nc4 33. Nxc4
bxc4+ 34. Kd2 Kd6 35. Ba3+ c5 36. Bc1 f5 37. Ba3 f4 38. gxf4 exf4 39. Bc1 Ke6
40. Ba3 Kf6 41. Ke1 g5 42. Bc1 Nb6 43. Kf2 Nd7 44. Kg2 Ne5 45. hxg5+ Kxg5 46.
Ba3 Nd7 47. Kh3 a4 48. Kg2 h4 49. Kh3 Ne5 50. Kg2 h3+ 51. Kxh3 Nxf3 52. Bxc5
Kh5 53. Be7 Nd2 54. e5 Ne4 55. e6 Nxc3 56. Bd6 Kg6 57. e7 Kf7 58. a3 Nb5 59.
Bc5 Nc7 60. Kg4 Ne6 61. Bd6 Nd4 62. Kxf4 Nxc2 63. Ke4 c3 1/2-1/2

[Event "4NCL/Div2/BAR2 vs. NWE2"]
[Site "West Bromwich ENG"]
[Date "2004.11.21"]
[Round "4.3"]
[White "Pritchett, Craig W"]
[Black "Spence, David"]
[Result "1-0"]
[WhiteElo "2270"]
[BlackElo "2221"]
[PlyCount "109"]
[EventDate "2004.11.21"]
[SourceDate "2004.09.21"]

1. Nf3 Nf6 2. c4 b6 3. g3 c5 4. Bg2 Bb7 5. O-O g6 6. Nc3 Bg7 7. d4 cxd4 8. Qxd4
d6 9. b3 O-O 10. Bb2 Nbd7 11. Rac1 Rc8 12. Rfd1 a6 13. Ne1 Ne4 14. Qe3 Nxc3 15.
Bxc3 Bxg2 16. Bxg7 Kxg7 17. Nxg2 Nf6 18. Nf4 Qc7 19. b4 Qb7 20. f3 Rc7 21. g4
h6 22. h4 Rfc8 23. g5 hxg5 24. hxg5 Nh7 25. Nd5 Rxc4 26. Rxc4 Rxc4 27. Nxe7 Qd7
28. Rd4 Qb5 29. Nd5 Rc8 30. Rd3 Re8 31. Qd4+ Kg8 32. Kf2 Qd7 33. Re3 Rxe3 34.
Qxe3 b5 35. f4 Qb7 36. Qe8+ Kg7 37. Qe4 Qd7 38. Qd4+ Kg8 39. Qe4 Qg4 40. Qf3
Qh4+ 41. Kf1 f6 42. Qe4 Qh3+ 43. Ke1 fxg5 44. Qxg6+ Kh8 45. Qe8+ Kg7 46. Qe7+
Kh8 47. Qd8+ Kg7 48. Qc7+ Kf8 49. Qd8+ Kg7 50. Qc7+ Kh8 51. Qxd6 Qh4+ 52. Kd2
g4 53. Qe5+ Kg8 54. Qe8+ Nf8 55. Ne7+ 1-0

[Event "4NCL/Div2/BAR2 vs. NWE2"]
[Site "West Bromwich ENG"]
[Date "2004.11.21"]
[Round "4.4"]
[White "Coates, Kenneth G"]
[Black "Cox, John J"]
[Result "0-1"]
[WhiteElo "2198"]
[BlackElo "2314"]
[PlyCount "86"]
[EventDate "2004.11.21"]
[SourceDate "2004.09.21"]

1. e4 Nf6 2. e5 Nd5 3. d4 d6 4. c4 Nb6 5. f4 dxe5 6. fxe5 c5 7. d5 e6 8. Nc3
exd5 9. cxd5 c4 10. Nf3 Bb4 11. Bxc4 Bxc3+ 12. bxc3 Nxc4 13. Qa4+ Nd7 14. Qxc4
Nb6 15. Qb5+ Qd7 16. Qxd7+ Bxd7 17. c4 Rc8 18. O-O Rxc4 19. e6 fxe6 20. dxe6
Bc6 21. Ne5 Re4 22. Nxc6 bxc6 23. Rf7 Re1+ 24. Kf2 Rxe6 25. Rxg7 Rf8+ 26. Kg3
Re1 27. Bb2 Re3+ 28. Kh4 Rf4+ 29. g4 Rf2 30. Bd4 Rxh2+ 31. Kg5 Re4 32. Rd1 Nd5
33. Rxa7 Rg2 34. Rb1 Rgxg4+ 35. Kh5 Rh4+ 36. Kg5 Rhg4+ 37. Kh5 Rh4+ 38. Kg5 h6+
39. Kf5 Rhf4+ 40. Kg6 Ne7+ 41. Rxe7+ Kxe7 42. Bc5+ Ke6 43. Kxh6 Rh4+ 0-1

[Event "4NCL/Div2/BAR2 vs. NWE2"]
[Site "West Bromwich ENG"]
[Date "2004.11.21"]
[Round "4.5"]
[White "Taylor, Peter"]
[Black "Jowett, Peter"]
[Result "1-0"]
[WhiteElo "2250"]
[BlackElo "2184"]
[PlyCount "59"]
[EventDate "2004.11.21"]
[SourceDate "2004.09.21"]

1. c4 e5 2. g3 Nc6 3. Bg2 f5 4. Nc3 Nf6 5. d3 Bb4 6. Bd2 O-O 7. e3 d6 8. Nf3
Qe8 9. O-O Bxc3 10. Bxc3 f4 11. exf4 exf4 12. Qd2 Qh5 13. Qxf4 Bg4 14. Ng5 Be2
15. Bxf6 gxf6 16. Bd5+ Kh8 17. Ne6 Bxf1 18. Nxf8 Rxf8 19. Rxf1 Ne5 20. d4 Nc6
21. Re1 Qg5 22. Qxg5 fxg5 23. Bxc6 bxc6 24. Re7 Rb8 25. Rxc7 Rxb2 26. Rxc6 Rxa2
27. Rxd6 Rc2 28. c5 a5 29. Ra6 Rc4 30. c6 1-0

[Event "4NCL/Div2/BAR2 vs. NWE2"]
[Site "West Bromwich ENG"]
[Date "2004.11.21"]
[Round "4.6"]
[White "Savory, Richard J"]
[Black "Berry, Neil"]
[Result "1/2-1/2"]
[WhiteElo "2104"]
[BlackElo "2228"]
[PlyCount "67"]
[EventDate "2004.11.21"]
[SourceDate "2004.09.21"]

1. e4 e6 2. Nf3 d5 3. e5 c5 4. b4 cxb4 5. a3 Nc6 6. axb4 Bxb4 7. c3 Be7 8. d4
Nh6 9. Bd3 Nf5 10. h4 h5 11. Bg5 Bd7 12. Na3 a6 13. Bxe7 Ncxe7 14. O-O b5 15.
Qb3 g6 16. Ra2 Nc6 17. Rfa1 Rb8 18. Nc2 Nxh4 19. Nxh4 Qxh4 20. Nb4 Nxb4 21.
Qxb4 Qe7 22. Rxa6 Qxb4 23. cxb4 Ke7 24. Rc1 Rb7 25. Ra5 Rg8 26. Rc5 Rgb8 27. f4
Be8 28. Kf2 Bd7 29. Kg3 Be8 30. Kf3 Bd7 31. Ke3 Be8 32. Bf1 Bd7 33. Be2 Be8 34.
Bd3 1/2-1/2

[Event "4NCL/Div2/BAR2 vs. NWE2"]
[Site "West Bromwich ENG"]
[Date "2004.11.21"]
[Round "4.7"]
[White "Coleman, David"]
[Black "McCarthy, Jim"]
[Result "1-0"]
[WhiteElo "2256"]
[BlackElo "2087"]
[PlyCount "57"]
[EventDate "2004.11.21"]
[SourceDate "2004.09.21"]

1. e4 c5 2. Nf3 e6 3. d4 cxd4 4. Nxd4 Nc6 5. Nb5 d6 6. c4 Nf6 7. N1c3 a6 8. Na3
Be7 9. Be2 O-O 10. O-O Qc7 11. Be3 b6 12. Rc1 Ne5 13. f4 Ned7 14. Bf3 Bb7 15.
Qe2 Rac8 16. Rfd1 Qb8 17. Nab1 Bc6 18. b4 b5 19. cxb5 axb5 20. Na3 Nb6 21.
Naxb5 d5 22. exd5 Nbxd5 23. Nxd5 Nxd5 24. Na7 Nxf4 25. Qf2 Bxf3 26. Rxc8 Rxc8
27. Bxf4 Bh4 28. Bxb8 Bxf2+ 29. Kxf2 1-0

[Event "4NCL/Div2/BAR2 vs. NWE2"]
[Site "West Bromwich ENG"]
[Date "2004.11.21"]
[Round "4.8"]
[White "Coates, Christine"]
[Black "Bhatia, Kanwal K"]
[Result "0-1"]
[WhiteElo "1455"]
[BlackElo "2086"]
[PlyCount "54"]
[EventDate "2004.11.21"]
[SourceDate "2004.09.21"]

1. d4 Nf6 2. Nf3 c5 3. e3 g6 4. Nbd2 Bg7 5. b3 O-O 6. Bb2 b6 7. Be2 Bb7 8. O-O
d6 9. c4 Nbd7 10. Qc2 Rc8 11. Rad1 cxd4 12. exd4 Nh5 13. Rfe1 Nf4 14. d5 Nxd5
15. Bxg7 Kxg7 16. Qb2+ N5f6 17. Bd3 Nc5 18. Bb1 Kg8 19. Qd4 Qd7 20. h3 Rfe8 21.
Ng5 Qc6 22. Be4 Nfxe4 23. Ndxe4 h6 24. Nf3 Nxe4 25. Qd5 Qxd5 26. cxd5 Nc3 27.
Rd2 Nxd5 0-1